[Event "Brno Morava-A"]
[Site "Brno"]
[Date "1991.??.??"]
[Round "2"]
[White "Epishin, Vladimir"]
[Black "Polgar, Zsuzsa"]
[Result "0-1"]
[WhiteElo "2615"]
[BlackElo "2535"]
[Annotator "Polgar,Zsu"]
[PlyCount "130"]
[EventDate "1991.09.??"]
[EventType "tourn"]
[EventRounds "9"]
[EventCountry "CSR"]
[EventCategory "13"]
[SourceTitle "CBM 026"]
[Source "ChessBase"]
[SourceDate "1992.02.01"]
[SourceVersion "1"]
[SourceVersionDate "1992.02.01"]
[SourceQuality "1"]

1. d4 {Ftacnik} d5 2. c4 dxc4 3. e4 e5 (3... c5 4. d5 Nf6 5. Nc3 e6 6. Nf3 exd5
7. e5 Nfd7 8. Bg5 Be7 9. Bxe7 Qxe7 10. Nxd5 Qd8 11. Qc2 $1 Nxe5 12. Qe4 Be6 13.
Qxe5 Qxd5 14. Qxg7 Rf8 15. Rd1 Qe4+ 16. Be2 Nd7 17. Ng5 Qg6 18. Nxe6 Qxe6 19.
O-O $1 {N} O-O-O 20. Bg4 f5 21. Bh3 $1 Nf6 22. Qh6 $1 $14 {Lobron,E-Polgar,Zsu/
München/1991/1-0/37/}) 4. Nf3 Bb4+ 5. Bd2 (5. Nbd2 $2 c3 $1) 5... Bxd2+ 6.
Nbxd2 (6. Qxd2 exd4 7. Qxd4 Nf6 8. Qxd8+ Kxd8 9. Nc3 Be6 10. Nd4 {Browne,
W-Seirawan,Y/USA-ch/1990/1/2-1/2/35/} (10. Ne5 Ke7 $6 (10... Nbd7 $1) 11. f4 g6
12. Bxc4 Nbd7 13. Bxe6 fxe6 14. Nd3 $14 {Nikolic,Pr-Seirawan,Y/Tilburg/1990/})
10... Nc6 $5) 6... exd4 7. Bxc4 Nc6 8. O-O Qf6 9. Re1 (9. b4 $1 a6 10. e5 Qg6
11. Nb3 Bg4 12. Bd3 Qh6 13. h3 Bxf3 14. Qxf3 Nge7 15. Qe4 Rd8 16. a3 Qe6 $2 (
16... Qg6 $5) 17. Nc5 Qxe5 18. Nxb7 Qxe4 19. Bxe4 $16 {Shirov,A-Polgar,Zsu/
Brno (6)/1991/}) 9... Nge7 10. b4 (10. e5 Qg6 11. Qb3 O-O 12. Rac1 Rb8 13. Bd3
$2 Qh6 14. a3 Be6 15. Qc2 Ng6 16. b4 Rbd8 17. b5 Nce7 18. Ne4 $2 Nf4 $1 19.
Rcd1 Nxg2 $1 $19 {Bagirov,V-Romanishin,O/URS-ch/1978/0-1/23/}) 10... a6 $1 {N}
(10... Bg4 11. e5 Qg6 12. Qa4 $1 (12. b5 Na5 13. Bf1 O-O-O $1 $13 {Sokolov,
I-Osterman/JUG-ch/1988/1-0/30/}) 12... O-O 13. b5 Nd8 14. Nxd4 $16) (10... Nxb4
11. e5 Qg6 12. Nxd4 O-O 13. e6 $40) 11. e5 Qg6 12. Qb3 (12. a4 Nxb4 13. Qb3 c5
$17) 12... Be6 (12... O-O 13. e6 (13. a4 Be6 {vgl./ cf. 12...Be6}) 13... fxe6
14. Bxe6+ Kh8 $17) 13. a4 O-O 14. Bxe6 (14. Ne4 $5) (14. Ne4 $5 {Ftacnik})
14... fxe6 15. b5 $6 (15. Ne4 {Ftacnik} Nd5 $15) 15... Na5 $1 16. Qb4 Nd5 $1
17. Qxd4 (17. Qxa5 $4 b6 $19) 17... Nb3 $1 (17... Rxf3 18. Nxf3 Nb3 19. Qc4
Nxa1 20. Rxa1 axb5 21. Qxb5 $10) (17... Rf4 18. Qb2 Raf8 19. Ra3) (17... Nf4 $5
18. g3 Rad8 19. Qe4 Nh3+ 20. Kg2 Nxf2 21. Qxg6 hxg6 $15) 18. Nxb3 Rxf3 19. Nc5
Nf4 20. g3 Nh3+ $6 (20... Rxf2 $2 21. Kxf2 Qc2+ 22. Kf3 (22. Ke3 Nd5+ 23. Kf3
Rf8+ 24. Kg4 Qf5+ 25. Kh4 g5+ 26. Kh5 Qh3+ 27. Kxg5 Rf5#) 22... Qg2+ 23. Ke3 (
23. Kxf4 Rf8+ 24. Kg4 Qxh2 $1 $19) 23... Nd5+ 24. Kd3 Rd8 25. Nxe6 Nb4+ 26. Kc4
Qc2+ 27. Kxb4 a5+ $1 28. Ka3 Rxd4 29. Nxd4 Qc5+ 30. Kb3 Qxd4 $10) (20... Qg4 $1
21. Kh1 (21. Qe4 Nh3+ 22. Kg2 Rxf2+ 23. Kh1 Qh5 $19) 21... Rxg3 $1 $19) 21. Kh1
(21. Kg2 $2 Rxf2+ 22. Kxh3 (22. Kh1 Qc2 $19) 22... Qf5+ 23. Qg4 Rxh2+ $19)
21... Rxf2 (21... Nxf2+ 22. Kg2 Raf8 23. Rf1 $17) 22. Ne4 Qh5 23. Re3 $1 Rc2
24. Rf1 Nf4 (24... axb5 $1 $19) (24... axb5 $1 $19 {Ftacnik}) 25. h4 (25. Nf2
Nd5 $19) 25... Nd5 26. Ref3 axb5 $2 {Zeitnot} (26... Qg4 $1 27. Kg1 axb5 $19)
27. Ng5 $1 Qg6 28. Qg4 $1 Rc3 (28... h6 $2 29. Rf8+ Rxf8 30. Rxf8+ Kxf8 31.
Nxe6+ Kf7 32. Nd8+ $18) (28... Rc4 {Ftacnik} 29. Nxe6 $1) 29. Rxc3 $2 {Zeitnot}
(29. h5 $1 Rxf3 (29... Qe8 30. Rf8+ $18) (29... Qh6 30. Nf7 $18) 30. hxg6 Rxf1+
31. Kh2 (31. Kg2 {Ftacnik} Rf2+ 32. Kh3 $18) 31... Rf2+ 32. Kh3 $18) 29... Nxc3
30. h5 Qe8 31. Nxe6 (31. h6 Qg6) 31... Qd7 32. Qf5 $2 (32. h6 $1) (32. h6 $1
$36 {Ftacnik}) 32... h6 33. axb5 Re8 $1 $19 (33... Qd5+ 34. Qf3 $2 (34. Kg1) (
34. Kg1 {Ftacnik}) 34... Qxe6 35. Qxc3 Ra2 $19) 34. Nc5 Qd5+ 35. Qf3 (35. Kh2
Rxe5) 35... Rxe5 36. Qxd5+ Rxd5 37. Nxb7 Rxh5+ 38. Kg2 Rxb5 39. Nd8 Re5 (39...
Ne4) 40. Rc1 Nd5 41. Nc6 Re2+ 42. Kh3 Re3 43. Nd4 Nc3 44. Nf5 Rd3 45. Re1 Kf7
46. Rf1 Kg6 47. Kg4 (47. Ne7+ Kh5 48. Rf5+ g5 $19) 47... Ne4 48. Nh4+ Kh7 49.
Nf3 g5 $1 {/\ 50...h5 -+} 50. Kh3 h5 $1 51. Kh2 (51. g4 Nf6 $19) 51... Nxg3 $1
52. Kxg3 (52. Nxg5+ Kg6 $19) 52... g4 53. Rc1 Rxf3+ 54. Kh4 Kg6 55. Rc6+ Kf5
56. Rc5+ Kf4 57. Rc4+ Ke3 58. Rc3+ Kf2 59. Rc2+ Kg1 60. Kxh5 g3 61. Kg4 Rd3 62.
Rxc7 (62. Kh3 g2+ $19) 62... g2 63. Rf7 Rd8 64. Kf3 Rh8 65. Rg7 Kf1 {66.Rg2
Rf8+ -+} 0-1

[Event "Chess Champions League"]
[Site "Vitoria Gasteiz"]
[Date "2007.11.11"]
[Round "8"]
[White "Topalov, Veselin"]
[Black "Nisipeanu, Liviu Dieter"]
[Result "1-0"]
[WhiteElo "2769"]
[BlackElo "2668"]
[Annotator "Postny,E"]
[PlyCount "101"]
[EventDate "2007.11.02"]
[EventType "tourn"]
[EventRounds "10"]
[EventCountry "ESP"]
[EventCategory "19"]
[SourceTitle "CBM 122"]
[Source "ChessBase"]
[SourceDate "2008.01.30"]
[SourceVersion "1"]
[SourceVersionDate "2008.01.30"]
[SourceQuality "1"]

1. d4 d5 2. c4 dxc4 3. e4 e5 4. Nf3 exd4 5. Bxc4 Nc6 6. O-O Be6 {This opening
line has returned to top tournaments after a few years of absence.} 7. Bb5 {
[%csl Rd4]} (7. Bxe6 fxe6 8. Qb3 Qd7 9. Qxb7 Rb8 10. Qa6 {is another
theoretical line leading to unbalanced positions.}) 7... Bc5 8. b4 {The most
principled continuation. The quiet alternative 8.Nbd2 should not be a source
of worry for Black.} (8. Nbd2 Nge7 (8... Qd6 9. e5 Qd5 10. Ng5 O-O-O 11. Bc4
Qd7 12. Nxe6 fxe6 13. b4 Nxb4 14. Qb3 Nd5 15. Ne4 Bb6 16. a4 a5 17. Nd6+ Kb8
18. Bxd5 exd5 19. Bd2 cxd6 20. Qxb6 dxe5 21. f4 $44 {1/2-1/2 Kasparov,G (2812)
-Anand,V (2781)/Linares 1999/CBM 070 (29)}) 9. Nb3 Bb6 10. Nbxd4 Bd7 11. Nxc6
Bxc6 12. Qb3 O-O 13. Bg5 Bxb5 14. Qxb5 Qe8 $11 {1-0 Sargissian,G (2602)
-Kaidanov,G (2629)/Moscow 2005/CBM 106 (41)}) 8... Bb6 $8 (8... Bxb4 $2 9. Qa4
{and Black is collapsing.}) 9. a4 a6 (9... a5 10. bxa5 $1 Rxa5 11. Ng5 Qd7 12.
Nd2 Nge7 13. Nxe6 $1 Qxe6 14. Nc4 $14 {1-0 Ushenina,A-Korbut,E/St Petersburg
2004/CBM 101 ext (26)}) 10. Bxc6+ bxc6 11. Bb2 Nf6 12. a5 {This push is useful,
because in some lines the Pa6 will be hanging.} Ba7 13. Nbd2 $146 {[%mdl 8] A
novelty, most probably the fruit of home preparation. White refrains from
capturing the Pd4.} (13. Nxd4 Bxd4 14. Bxd4 Nxe4 15. Re1 (15. Bxg7 Rg8 16. Be5
Bh3 $6 (16... Bd5 17. Bg3 Qf6 {Krasenkow}) 17. Bg3 Nxg3 18. hxg3 Qxd1 19. Rxd1
Be6 20. Nc3 Rg4 21. Rab1 Rb8 22. f4 Bf5 23. Rb2 Rxg3 24. Na4 Kf8 25. Nc5 Ra8
26. Kf2 Rc3 27. Rbd2 Rc4 28. Rd4 Rxd4 29. Rxd4 $14 {1/2-1/2 Aronian,L (2759)
-Shirov,A (2699)/Elista 2007/CBM 119 (68)}) 15... Qd5 $6 ({Black can equalise
by} 15... Nf6 16. Nc3 O-O 17. Be5 Nd5 $11 {Probably, this is how Nisipeanu
intended to improve his own play, but Topalov was the first to deviate from
the game Onischuk-Nisipeanu.}) 16. Qd3 c5 17. Rxe4 cxd4 18. Nc3 {The drawback
of 15...Qd5 is clear now.} Qb3 (18... Qf5 19. Qxd4 O-O 20. Rd1 $36) 19. Rxd4
O-O 20. Qd2 c5 21. bxc5 Rab8 22. h3 Qb7 23. Nd5 $16 {1-0 Onischuk,A (2663)
-Nisipeanu,L (2693)/Foros 2007/CBM 119 (58)}) 13... O-O (13... Rb8 14. Qc2 {
if Black captures the Pb4, Ba3 will be very annoying.}) 14. Qc2 Ng4 $2 {
The knight goes the wrong way. Nisipeanu definitely miscalculated something.} (
14... Nh5 {This is the test of Topalov's novelty. The position is quite
doeble-edged. Here are a few possible lines for example:} 15. Qxc6 Nf4 16. Qxa6
Qe7 (16... Qf6 $5) 17. Ba3 (17. Qc6 Qxb4 18. Ba3 Qc3 19. Qxc3 dxc3 20. Bxf8
Kxf8 $15) 17... Qf6 18. b5 Rfb8 19. Qc6 Qg6 20. g3 Ne2+ 21. Kh1 Bh3 22. Qxc7
Bxf1 23. Rxf1 Rxb5 24. Ne5 Qe6 25. Nc6 $16) 15. h3 Nf6 {Admitting the mistake.}
(15... Ne3 16. fxe3 dxe3 17. Nb3 e2+ 18. Rf2 $16 {Probably, this move was
overlooked by the Romanian GM.}) 16. Ne5 $1 {White should not be in a hurry to
capture the Pc6.} (16. Qxc6 $6 Nh5 17. Qxa6 Nf4 $44) 16... Bd7 17. Rfe1 $6 {
Logical move, but it was more precise to put the rook on the d-file.} (17. Rfd1
$1 Qe7 18. Ndf3 c5 19. bxc5 Qxc5 20. Qxc5 Bxc5 21. Bxd4 Bxd4 22. Rxd4 Bb5 23.
Rc1 Rac8 24. Nc6 {with a big advantage.}) 17... Qe7 18. Ndf3 (18. Nxc6 $2 Bxc6
19. Qxc6 Qxb4 $15) 18... c5 {The Pb4 is taboo in view of Ba3. Black must get
rid of his weak pawns along the c-file.} 19. bxc5 Qxc5 20. Qd2 Qe7 21. Ba3 (21.
Bxd4 Bxd4 22. Qxd4 c5 23. Qc3 Bb5 $11) 21... c5 22. Qxd4 {This way Topalov
keeps all his potentially attacking pieces out of the exchange.} Bb5 ({After} 
22... cxd4 $2 23. Bxe7 {[%csl Rd7,Rf6,Rf8] Black loses material.}) 23. Qc3 Rfd8
24. Bb2 {The battery along the diagonal a1-h8 is threatening.} Nh5 $1 25. Nc4
Rab8 ({It was possible to eliminate the potentially dangerous knight:} 25...
Bxc4 26. Qxc4 Nf4 27. Rad1 Qe6 {and Black is only slightly worse.}) 26. Ne3
Qxe4 $2 {This pawn appears to be poisoned.} ({It was necessary to remove the
threats along the long diagonal:} 26... Rd3 $1 27. Nf5 Qe6 28. Qc1 f6 {Some of
Black's pieces are awkwardly placed (Ba7, Nh5), but White can't exploit it so
easily.}) 27. Ng4 {The beginning of the decisive attack.} Qg6 {Other retreats
also lose.} (27... Qd3 28. Qe5 Qd5 29. Nh6+ Kh8 30. Ng5 $18 {[%csl Rf7]}) (
27... Qf4 28. g3 Qd6 29. Re5 Nf6 30. Rg5 $18) 28. Nh4 Qd3 $8 (28... Qg5 29. Re5
Qxh4 30. Rxh5 $18) 29. Qe5 Qd5 {[%tqu "En","How should White continue his
attack?","","","g4h6","",5]} 30. Nh6+ $1 Kh8 31. Qe7 {[%csl Ra7,Rf7]} (31. N4f5
Qxe5 32. Bxe5 {was also good, but Topalov correctly keeps the queens on the
board.}) 31... Bc4 32. Rad1 (32. Qxa7 $4 Rb7 $19 {[%csl Ra7]}) 32... Qxd1 33.
Rxd1 $1 Rxd1+ 34. Kh2 {Black's pieces are randomly strewn across the board;
his position is lost.} Ra8 {What else?} 35. N4f5 f6 36. f4 (36. Ng3 $1 Nxg3 37.
fxg3 Rf1 38. Qe4 $18) 36... Bd5 37. Nf7+ $2 {Topalov got carried away by his
attack. I suppose that time-trouble was playing a role here.} (37. Qe2 $1 {
prosaically winning material.} Rb1 38. Qxh5 Rxb2 39. Nf7+ Bxf7 (39... Kg8 40.
Ne7+ $18) 40. Qxf7 Rg8 41. Qxa7 $18) 37... Bxf7 38. Qxf7 c4 $1 {Suddenly,
Black's dark-squared bishop is alive!} 39. Qxh5 Bg1+ 40. Kg3 Rd3+ 41. Kg4 Rf8
42. Ne7 $2 {After missing numerous winning continuations Topalov makes another
mistake which spoiles the advantage.} (42. Kh4 $1 {was still winning.} g6 (
42... c3 43. Qe2 Rd5 44. Ba3 $18) 43. Qh6 $18) 42... Bf2 $4 {Nisipeanu missed
his chance.} (42... f5+ $1 {distracting the knight from g6 square.} 43. Nxf5 c3
44. Ne7 {There is nothing better than to give a perpetual check.} (44. Ba3 $4
g6 $19) 44... cxb2 45. Ng6+ Kg8 46. Ne7+ $11) 43. Ng6+ Kg8 44. Ne7+ Kh8 45.
Ng6+ Kg8 46. Nxf8 $1 {This move required some calculation. The position
transforms into a won bishop endgame for White.} Rg3+ 47. Kf5 g6+ 48. Nxg6
hxg6+ 49. Qxg6+ Rxg6 50. Kxg6 Be1 (50... Bh4 51. g4 $18) 51. Bxf6 {Black
resigned.} (51. Bxf6 c3 52. f5 c2 53. Bg5 Bc3 54. f6 Bb2 55. f7+ Kf8 56. Bh6+
$18) 1-0

[Event "FRA-chT Top 12"]
[Site "Belfort"]
[Date "2012.06.04"]
[Round "5.2"]
[White "Ivanchuk, Vassily"]
[Black "Postny, Evgeny"]
[Result "1/2-1/2"]
[WhiteElo "2764"]
[BlackElo "2651"]
[Annotator "Postny,E"]
[PlyCount "89"]
[EventDate "2012.05.31"]
[EventType "team-tourn"]
[EventRounds "11"]
[EventCountry "FRA"]
[SourceTitle "CBM 149"]
[Source "ChessBase"]
[SourceDate "2012.07.17"]
[SourceVersion "1"]
[SourceVersionDate "2012.07.17"]
[SourceQuality "1"]
[WhiteTeam "Clichy Echecs 92"]
[BlackTeam "Metz Fischer"]
[WhiteTeamCountry "FRA"]
[BlackTeamCountry "FRA"]

1. d4 d5 2. c4 dxc4 3. e4 e5 4. Nf3 Bb4+ 5. Nc3 exd4 6. Nxd4 {When playing
against Vassily Ivanchuk, you never know which opening to expect. This time I
had a certain amount of luck that he entered a line which I was had just been
covering in CBM 148. Vassily was, obviously, unaware of it, as on the day of
this game the CBM 148 issue hadn't yet appeared.} Ne7 7. a3 $5 {This idea is
from the Armenian kitchen. I knew both games that were played with this move.}
({The main line continues with} 7. Bxc4 Nbc6 8. Be3 O-O {Black normally
achieves a satisfactory position.}) 7... Nbc6 8. Be3 $5 $146 {This novelty
Vassily figured out over the board. Frankly speaking, it doesn't change the
evaluation of the position as equal, but an interesting try anyway.} (8. axb4
Qxd4 9. Bf4 (9. Be3 Qxd1+ 10. Kxd1 Be6 11. b5 Ne5 12. Kc2 f6 $6 (12... f5 $1 {
is the improvement I was intending to demonstrate.}) 13. f4 Nd7 $6 (13... Nd3
$142) 14. Ra4 a6 15. Bxc4 Bxc4 16. Rxc4 $16 {1-0 Grigoryan,A (2621)-Stukopin,A
(2460)/Moscow 2012/CB05_2012 (45)}) 9... Nxb4 10. Qa4+ Nec6 11. Be3 b5 $6 (
11... Qf6 $142 $132) 12. Nxb5 Qxb2 13. Nxc7+ Kd7 14. Rc1 Qa2 15. Qxa2 Nxa2 16.
Nxa8 Nxc1 17. Bxc4 Bb7 18. O-O Rxa8 19. Rd1+ Ke7 20. Rxc1 $16 {1/2-1/2
Sargissian,G (2677)-Nisipeanu,L (2683)/Plovdiv 2010/CBM 139 (28)}) 8... Bxc3+
9. bxc3 Ne5 {If White can comfortably take on c4, he will have a pleasant
position, so I have to eliminate one of the bishops.} 10. f4 Nd3+ 11. Bxd3 cxd3
12. Qxd3 O-O {Now c7-c5 is a threat, so White has to spend a move to move his
queen away from the d-file.} (12... c5 $2 {just loses a pawn after} 13. Qb5+)
13. Qe2 c5 14. Nb5 a6 (14... Qb6 $6 15. c4 a6 16. Nc3 Qb3 17. Rc1 Qxa3 18. f5 {
The extra pawn is of little significance, meanwhile Black's position is pretty
much cramped.}) 15. Rd1 Qa5 16. Nd6 $1 ({I was calculating the following line:
} 16. Bxc5 Qxb5 17. Qxb5 axb5 18. Bxe7 Re8 19. Rd4 Bh3 $1 ({But not} 19... Ra4
$2 20. Bb4 $1 $16) 20. gxh3 Rxe7 $11) 16... Qxc3+ 17. Qd2 $1 {It doesn't look
logical to offer the exchange of queen after White has sacrificed a pawn, but
in fact it's the best move!} Qxd2+ (17... Qxa3 $6 {is on the edge between
risky and just bad.} 18. O-O f5 (18... Bg4 19. Ra1 Qb4 20. Qf2 b6 21. f5 $16 {
[%csl Rg4]}) 19. Rfe1 $1 fxe4 (19... Be6 20. Nxb7 Qb4 21. Nxc5 Qxd2 22. Rxd2
Bf7 23. e5 {Perhaps the lesser evil for Black, but still not attractive at all.
}) 20. Qc2 $1 {[%cal Gc2c4]} Be6 (20... Qb4 21. Bxc5 $18) 21. Qxe4 $18) 18.
Rxd2 b6 19. Kf2 {White had a choice between two very similar continuations.
There is, however, a subtle difference, so Black should react accordingly.} (
19. O-O Be6 (19... f5 $6 20. Rb1 fxe4 (20... b5 $6 21. Bxc5 $16) 21. Rxb6 Nf5
22. Bxc5 $14) 20. Rb1 (20. f5 Bb3 $1 21. Rb1 c4 $11) 20... Rfb8 21. Rdb2 (21.
f5 Bd7 22. Nc8 $5 Rxc8 23. Rxd7 Re8 $1 24. Rxb6 Nxf5 $11) 21... Nc8 22. Bxc5 (
22. Nxc8 Rxc8 23. Rxb6 c4 24. f5 Bd7 $11) 22... b5 23. f5 Nxd6 24. Bxd6 Rd8 $11
) 19... f5 {In this case it works.} (19... Be6 $6 20. Rb1 Rfb8 21. f5 Bd7 22.
Nc8 $1 {Now this trick is strong as the Be3 is protected.} Rxc8 23. Rxd7 Nc6
24. Rxb6 Ne5 25. Rd5 $14) 20. Rb1 b5 $1 21. Bxc5 fxe4 22. Ke3 (22. Nxc8 Raxc8
23. Bxe7 {[%tqu "En","Does Black lose a piece?","","","e4e3","This is where
the king on f2 appears to be vulnerable.",5]} e3+ $1 {This is where the king
on f2 appears to be vulnerable.} 24. Kxe3 Rce8 25. Rd7 Rf7 $11) 22... Rd8 23.
Rc1 Nf5+ {After the exchange of knights the position is completely equal.} 24.
Kxe4 Nxd6+ 25. Bxd6 Bb7+ 26. Ke3 Bxg2 $6 (26... Rd7 $11) 27. Rc7 Bh3 28. Be5 {
Here I realised that I had had a black-out, while playing 26...Bxg2. I thought
that I take on d2, White takes back, I give ...Rd8 check, followed by ...Rd7
with a draw, but with an extra pawn for me. Only now I saw that 28...Rxd2 is
not a check, White can take on g7 before recapturing the rook. Luckily for me,
the position still remains equal since there are opposite coloured bishops on
the board.} Rxd2 29. Rxg7+ Kf8 30. Kxd2 Rd8+ 31. Kc3 Rd7 32. Rg5 a5 33. Rh5 Bf1
34. f5 Rd3+ 35. Kb2 Rd2+ 36. Kc1 Rd5 37. Bc3 Bd3 {I take the only pawn that
might cause some danger.} 38. Rxh7 b4 $1 {The safest way for a draw is to
exchange as many pawns, as possible.} 39. axb4 axb4 40. Bxb4+ Kg8 41. Rh3 Bxf5
42. Rg3+ Kh7 43. Bd2 Rb5 {Threatening mate in one. Just in case...} 44. Bc3 Rd5
45. Kb2 1/2-1/2

[Event "Rohde op 09th"]
[Site "Sautron"]
[Date "2009.10.29"]
[Round "7"]
[White "Potkin, Vladimir"]
[Black "Ivanov, Jordan"]
[Result "1-0"]
[WhiteElo "2615"]
[BlackElo "2408"]
[Annotator "Primel,D"]
[PlyCount "59"]
[EventDate "2009.10.24"]
[EventType "swiss"]
[EventRounds "9"]
[EventCountry "FRA"]
[SourceTitle "EXT 2010"]
[Source "ChessBase"]
[SourceDate "2010.11.25"]
[SourceVersion "1"]
[SourceVersionDate "2010.11.25"]
[SourceQuality "1"]

1. d4 d5 2. c4 dxc4 3. e4 {une ligne plus agressive que la grande ligne Nf3
suisvi de e3} (3. Nf3 Nf6 4. e3) 3... Nf6 (3... e5 $5 {l'alternative} 4. Nf3
exd4 5. Bxc4 Bb4+ $1 6. Nbd2 Nc6 7. O-O Nf6 8. e5 Nd5 9. Nb3 {[%cal Gb3d4]} Nb6
10. Bb5 $14) 4. e5 (4. Nc3) 4... Nd5 5. Bxc4 Nb6 6. Bd3 (6. Bb3 $5 {[%csl Rc8]
[%cal Gb3f7,Gd4d5] L'alternative pour eviter l'idée Be6c4}) 6... Nc6 7. Be3 (7.
Ne2 $5 Bg4 8. f3 Be6 $13 {Bukic,E (2495)-Petrosian,T (2610) Banja Luka 1979 (8)
0-1}) 7... Be6 {[%cal Ge6c4] avec l'idée d'échanger le bon B des blancs par
Bc4 mais le plan noir est trés lent.} (7... Nb4 8. Be4 f5 9. exf6 exf6 {
[%csl Re8] la position n'est pas claire mais les blancs conservent
probablement un léger avantage car le K noir est trés exposé.}) 8. Nc3 Bc4 (
8... Nb4 9. Be4 c6 10. Nge2 $14) 9. Bxc4 Nxc4 10. Nge2 (10. Qb3 N4a5 $6 (10...
N6a5 $142) 11. Qa4 $36 {[%cal Ga4e8,Gd4d5];Bacrot,E (2618)-Mellado Trivino,J 
(2460) FRA-chT France 2001 (3.2) 1-0}) (10. Nh3 $5 {[%cal Ge1g1,Gd1g4] Fritz
propose ce coup bizarre mais qui mériterait un essai pratique car malgré son
apparence naïve, il donne une bonne initiative aux blancs} e6 (10... g6 11. O-O
Bg7 {[%csl Ge5,Rg7] Le Bg7 va manquer de jeu face а la structure d4e5} 12. Qe2
Nb6 {[%cal Gb6d5]} (12... Nxe3 $6 {Renforce le centre des blancs} 13. fxe3 {
[%csl Rf7]} O-O 14. Rad1 $16 {[%cal Gh3f4,Gf4d5]} f6 15. Qc4+ Kh8 16. exf6 exf6
17. Nf4 {[%cal Gf4e6]} Bh6 18. Ne6 Bxe3+ 19. Kh1 Qd7 20. Nxf8 Rxf8 21. Rfe1))
11. O-O Be7 12. Qg4 $36 {[%csl Rg7]} Nxe3 13. fxe3 g6 (13... O-O 14. Rf3 {
[%cal Gf3g3,Ga1f1]} (14. Nf4 {[%cal Gf4h5]} Bg5 15. Rae1 {[%csl Rg7][%cal
Ge1e3,Gf1f3,Gf3g3,Gh2h4,Gf4h5]}) 14... g6 15. Raf1 Nb4 $2 {[%cal Gb4d5]} (15...
h5 $2 16. Qf4 {[%cal Gf4h6]} Kh7 17. Ne4 {[%cal Gh3g5,Ge4f6]}) 16. Ne4 {
[%csl Gf6][%cal Ge4f6,Ge4g5]}) 14. Nf4 Qd7 (14... O-O 15. Rf3 {[%cal Ga1f1]}))
10... e6 11. O-O Be7 12. Qb3 N6a5 13. Qc2 O-O 14. Rad1 Nxe3 $146 (14... Nc6 {
Huebner,R (2628)-Stevic,H (2523) Mitropa Cup 21st 2002 (1.1) 1-0}) 15. fxe3 Nc4
{[%csl Re3]} 16. Rf3 Bg5 17. Rd3 (17. Qc1) 17... Nb6 18. Ne4 $14 Nd5 19. Rb3
Bh6 20. Rh3 b6 $2 (20... Kh8) 21. Rxh6 $1 gxh6 22. Nf4 $1 {[%cal Ge4f6,Gf4d5]}
f5 23. Nxe6 Qh4 $2 {Ivanov} 24. Ng3 Rfe8 25. Qxf5 $40 c5 26. Rd3 $2 {Ivanov} c4
27. Rd2 Nxe3 28. Qf3 Ng4 $2 {Ivanov} 29. h3 Rac8 $2 30. Ng7 1-0